MARC

LEADER 00000nam0a2200000 4500
001 25278
005 20231030200850.0
010 |a 0582328411 
035 |a (RuTPU)RU\TPU\book\25514 
035 |a BOOK00025589 
090 |a 25278 
100 |a 20011209d2000 m y0engy50 ba 
101 0 |a eng 
102 |a GB 
105 |a y j 000zy 
200 1 |a Market Leader  |a International Management  |f A. Pilbeam 
210 |c Longman  |d 2000 
215 |a 96 p. 
225 1 |a Business English 
610 1 |a английский язык 
610 1 |a учебные пособия 
610 1 |a деловое общение 
610 1 |a бизнес 
610 1 |a лексика 
610 1 |a business 
610 1 |a международный менеджмент 
686 |a Ш143.21-923  |v LBC/SL-A  |2 rubbk 
700 1 |a Pilbeam  |b A.  |g Adrian 
801 0 |a RU  |b 63413507  |c 20011209  |g PSBO 
801 2 |a RU  |b 63413507  |c 20221130  |g PSBO 
942 |c BK